Informe de actividad resumido de 1965 a 1968: punto 7 del orden del día provisional de las sesiones plenarias

Saved in:
Bibliografiske detaljer
Institution som forfatter: Comité Internacional de la Cruz Roja (Author)
Format: Bog
Sprog:spansk
Udgivet: Ginebra Comité Internacional de la Cruz Roja 1969
Fag:
Tags: Tilføj Tag
Ingen Tags, Vær først til at tagge denne postø!

MARC

LEADER 00000nam a2200000 a 4500
001 UCT9515
003 CL-VaPUC
005 20231117122543.0
008 970404e19690000sz 1 spa d
082 0 4 |a 341.6  |b COM  |2 21 
110 2 |a Comité Internacional de la Cruz Roja  |e author  |9 618292 
245 1 0 |a Informe de actividad resumido de 1965 a 1968: punto 7 del orden del día provisional de las sesiones plenarias 
260 |a Ginebra  |b Comité Internacional de la Cruz Roja  |c 1969 
300 |a 18 p 
583 |a last modification  |c 19970404 00:00:00  |k Rodrigo Vera 
650 0 7 |a CRUZ ROJA  |2 CL-VaPUC  |9 618293 
650 0 7 |a COMITE INTERNACIONAL DE LA CRUZ ROJA  |2 CL-VaPUC  |9 618294 
650 0 0 |a Relaciones Internacionales  |9 255740 
650 0 0 |a Informes  |9 334810 
942 |c BK 
945 |a lriquelm  |d 19970404 00:00:00 
546 |a En Español 
518 |p Conferencia Internacional de la Cruz Roja, XXI, Istanbul, Septiembre de 1969 
999 |c 382880  |d 382878 
952 |0 0  |1 0  |2 ddc  |4 0  |6 341_600000000000000_COM_1969  |7 0  |8 A  |9 504816  |a BIBDER  |b BIBDER  |d 2020-01-23  |i 1822748  |o 341.6 COM 1969  |p 1822748  |r 2023-01-25  |w 2020-01-23  |y MX  |k DER